00926 a2200241 45000010006000000050017000060080041000230030015000640400040000790800040001192450052001590200022002112640034002333000019002675050164002860410008004501000031004587000028004897000032005176500019005498560095005686500021006634129420260407155706.0260407a2008 arg spa dAR-UNSa-BCEJYS aAR-UNSa-BCEJYSbspacAR-UNSa-BCEJYS a349.22:331.106xContrato de trabajo10aRégimen de contrato de trabajopversión 2.9 a978-987-01-0789-7 1aBuenos Aires :bErreparc2008 a221 p.c27 cm. a1.Índices - 2. Contrato de trabajo - 3. Ley Nacional de empleo - 4. Reforma laboral - 5. Prevención de la evasión fiscal - 6. Ley de emergencia pública aspa1 aErrecaborde, José Daniel1 aParada, Ricardo Antonio1 aCañada, Francisco Roberto aLey Nº 20.74441uhttps://biblioeco.unsa.edu.ar/pmb/images/libros/L117272.jpgyImagen de portadaqimage/jpeg a ley nº 20 744